000 00610nam a2200217Ia 4500
003 OSt
005 20251211094600.0
008 210719s2020 xx 000 0 und d
020 _a9780063083165
040 _cAL
041 _aeng
082 _a813.54 ROLU
100 _aRollins James
_9248776
245 _aUnrestricted access : new and classic short fiction
260 _aNew York
_bHarper & Collins Publishers
_c2020
300 _a390p
_bPB
365 _b499
_cRs
650 _aAmerican English Fiction
_9248777
906 _aaccess:new ; classic ; fiction ; short ; Unrestricted
942 _2ddc
_cBK
999 _c211754
_d211754